Central Library OPAC University of Rajshahi
Normal view MARC view

Entry Personal Name

Number of records used in: 9

001 - CONTROL NUMBER

  • control field: 12784

003 - CONTROL NUMBER IDENTIFIER

  • control field: BD-RjUL

005 - DATE AND TIME OF LATEST TRANSACTION

  • control field: 20240430121013.0

008 - FIXED-LENGTH DATA ELEMENTS

  • fixed length control field: 240430|| aca||aabn | a|a d

040 ## - CATALOGING SOURCE

  • Original cataloging agency: BD-RjUL
  • Transcribing agency: BD-RjUL

100 ## - HEADING--PERSONAL NAME

  • Personal name: Bhadra, S. K., Co-Supervisor

670 ## - SOURCE DATA FOUND

  • Source citation: Work cat.: (BD-RjUL)83619: Biswas, Animesh 12782, Indigenous Knowledge of Herbal Medicine and in Vitro Propagation of some Rare Medicinal Plants in Chittagong Hill Tracts /, 2006